logo

Bir Sreshtho Munshi Abdur Rouf Library
Jhenaidah Cadet College

মোজাফফর আহমদ স্মারকগ্রন্থ / (Record no. 11705)

MARC details
000 -LEADER
fixed length control field 00721nam a2200229 a 4500
001 - CONTROL NUMBER
JCCL Control Number 11705
003 - CONTROL NUMBER IDENTIFIER
JCCL marc code BD-JhCC
005 - DATE AND TIME OF LATEST TRANSACTION
control field 20200723124322.0
008 - FIXED-LENGTH DATA ELEMENTS--GENERAL INFORMATION
fixed length control field 200723b2018 bg a|||| ||a| 000 0 ben d
020 ## - INTERNATIONAL STANDARD BOOK NUMBER
International Standard Book Number 9789849326014
035 ## - SYSTEM CONTROL NUMBER
system control number (BD-JhCC)11705
040 ## - CATALOGING SOURCE
Original cataloging agency BD-JhCC
Modifying agency BD-JhCC
041 ## - LANGUAGE CODE
Language code of Book ben
082 ## - DEWEY DECIMAL CLASSIFICATION NUMBER
Classification number 891.4409
Author mark and Year MOZ 2018
245 ## - TITLE STATEMENT
Title মোজাফফর আহমদ স্মারকগ্রন্থ /
Statement of responsibility, etc সম্পা: রওশন জাহান ।
260 ## - PUBLICATION, DISTRIBUTION, ETC. (IMPRINT)
Place of publication, distribution, etc ঢাকা:
Name of publisher, distributor, etc প্রথমা প্রকাশন;
Date of publication, distribution, etc ২০১৮.
300 ## - PHYSICAL DESCRIPTION
Pagination 147 p. :
Other physical details ill;
Dimensions 22 cm.
650 ## - SUBJECT ADDED ENTRY--TOPICAL TERM
Topical term or geographic name as entry element Benglai Liturature
700 ## - ADDED ENTRY--PERSONAL NAME
Personal name জাহান, রওশন
942 ## - ADDED ENTRY ELEMENTS (KOHA)
Source of classification or shelving scheme Dewey Decimal Classification
Koha item type Books
Holdings
Source of classification or shelving scheme Damaged status Not for loan Home library Current library Shelving location Date of accession Cost, normal purchase price Total Checkouts Full call number Barcode Date last seen Copy number Koha item type
Dewey Decimal Classification     JCC Rouf Library JCC Rouf Library General Stacks 07/23/2020 225.00   891.4409 MOZ 2018 15818 07/23/2020 C-1 Books

JCC Library | Contacts | JCC Home

Last Update on 23 September 2017
Copyright @ 2017-2020 JCC Rouf Library
Rouf Library, Jhenidah Cadet College (JCC), Bangladesh